Sports Quiz

Random Sports or NFL Quiz

Three NFL Titles in a Single Decade Quiz Stats

Quiz not verified by Sporcle

Challenge
Share
Tweet
Embed
Score 0/9 Timer 02:00
0 Plays Today
Decade Franchise % Correct
2000sNew England Patriots
99.3%
1930sGreen Bay Packers
97.8%
1960sGreen Bay Packers
97.8%
1970sPittsburgh Steelers
97.8%
1980sSan Francisco 49ers
97.1%
1990s Dallas Cowboys
95.7%
1940sChicago Bears
94.2%
1950sCleveland Browns
86.3%
1950sDetroit Lions
82.7%

You're not logged in!

Compare scores with friends on all Sporcle quizzes.
Join for Free
OR
Log In

You Might Also Like...

Show Comments

Extras

Created Jan 24, 2012SourceReportNominate
Tags:NFL Quiz

Top Quizzes Today


Score Distribution

Your Account Isn't Verified!

In order to create a playlist on Sporcle, you need to verify the email address you used during registration. Go to your Sporcle Settings to finish the process.

Report this User

Report this user for behavior that violates our Community Guidelines.

Details: